Dynamický stochastický model všeobecnej rovnováhy bakalárska práca

Salvato in:
Dettagli Bibliografici
Autore principale: Tatljak, Miroslav
Ente Autore: Fakulta hospodárskej informatiky EU. Katedra operačného výskumu a ekonometrie
Altri autori: Benkovič, Martin
Natura: Libro
Lingua:slovacco
Pubblicazione: Bratislava 2014
Tags: Aggiungi Tag
Nessun Tag, puoi essere il primo ad aggiungerne!!

MARC

LEADER 00000nbm a2200000 4500
001 0191768
005 20170201112625.1
041 0 |a slo 
044 |a SK 
245 1 0 |a Dynamický stochastický model všeobecnej rovnováhy  |b bakalárska práca  |c Miroslav Tatljak ; školiteľ: Martin Benkovič 
264 1 |a Bratislava  |c 2014 
300 |a 41 s. 
100 1 |a Tatljak, Miroslav 
700 1 |a Benkovič, Martin 
710 2 |a Fakulta hospodárskej informatiky EU. Katedra operačného výskumu a ekonometrie